| 000 | 01100nam#a2200325#a 4500 | ||
|---|---|---|---|
| 001 | vtls000312503 | ||
| 003 | NLI | ||
| 005 | 20210602135313.0 | ||
| 008 | 101203s1994 enka 001 0 eng | ||
| 020 |
_a0444882243 : _cPND 32.55 |
||
| 039 | 9 |
_y201012032127 _zVLOAD |
|
| 040 | 0 |
_aNLI _beng _cEntertech-FY 2010 _eAACR2 |
|
| 041 | 0 | _aeng | |
| 044 | _aenk | ||
| 082 | 0 | 4 | _a338.47677 |
| 100 | 1 |
_aVigo, Tyrone L., _d1939- _9481256 |
|
| 245 | 1 | 0 |
_aTextile processing and properties : _bpreparation, dyeing, finishing and performance / _cTyrone L. Vigo |
| 260 |
_aLondon : _bElsevier, _c1994 |
||
| 300 |
_axvii, 479 p. : _bill. ; _c25 cm. |
||
| 440 | 0 |
_aTextile science and technology ; _vv. 11 _9481257 |
|
| 500 | _aIncludes index | ||
| 650 | 0 | _aTextile finishing | |
| 650 | 0 |
_aDyes and dyeing _xTextile fibers |
|
| 887 | _a | ||
| 901 |
_a526134 _b6.2.1996 |
||
| 902 | _aE/O 338.47677 V 688 | ||
| 949 |
_AVIRTUAITEM _D10000 _X100 _6PUR000526134ENG |
||
| 942 |
_2ddc _cBKS |
||
| 999 |
_aVIRTUA40 _c268917 _d268917 |
||
| 999 | _aVTLSSORT0080*0200*0400*0410*0440*0820*1000*2450*2600*3000*4400*5000*6500*6501*9010*9020*9490*9991 | ||